Rugby World Cup 2023 France - Host Cities - Statistics

General Stats
  • This quiz has been taken 142 times
  • The average score is 8 of 9
Answer Stats
Stadium City % Correct
Parc Olympique Lyonnais Décines-Charpieu
99%
Stade Vélodrome Marseille
98%
Stade de France Saint-Denis
96%
Matmut Atlantique Bordeaux
90%
Stade Pierre-Mauroy Villeneuve-d'Ascq
84%
Stadium Municipal Toulouse
83%
Allianz Riviera Nice
82%
Stade de la Beaujoire Nantes
78%
Stade Geoffroy-Guichard Saint-Étienne
69%
No matching quizzes found
Score Distribution
Percent of People with Each Score
Percentile by Number Answered
Your Score History
You have not taken this quiz